000 00789nam a2200265 a 4500
001 vtls001355634
003 NLI
005 20210627045321.0
008 120625s1981 dcu f000 0 eng
039 9 _y201206251807
_zVLOAD
040 _aNLI
_beng
_cDatasoft_FOD_6
_eAACR2
041 0 _aeng
044 _a dcu
082 0 4 _a 359.00973
110 1 _aUnited States.
_bDepartment of Navy
_9716035
245 1 0 _aAll hands /
_cUnited States, Department of Navy
260 _aWashington, D.C. :
_bThe Department,
_c1981
300 _a48 p. ;
_c26 cm.
650 0 _aNaval art and science
_zUnited States
_9711086
887 _a
901 _aAD 116181
_b11.10.2010
902 _aU.S 359.00973 Un 3
949 _AVIRTUAITEM
_D10002
_X100
_6FOD000116181ENG
942 _2ddc
_cBKS
999 _aVIRTUA40
_c610941
_d610941